000 01063cad a22002415a 4500
001 L146785
008 090206e20090130xxkd f s 000 0 eng d
035 _a(Sirsi) u146785
041 0 _aeng
050 0 4 _a333.33 $2 18
110 2 _aRoyal Institution of Chartered Surveyors
_bEconomics
_95033
245 0 0 _aRICS global real estate weekly
_b30 January 2009
_h[electronic resource]
260 _aLondon
_bRICS
_c2009
490 0 _aRICS Global Real Estate Weekly
_v30 January 2009
520 _aPredicts Australian house price decline will gather pace in 2009 and that the UK base interest rate will fall to 1%. Reports the outlook for the US construction sector and the Euro Area remains bleak.
590 _aKA
650 2 4 _aRICS GLOBAL REAL ESTATE WEEKLY
651 4 _aInternational
690 _aBUILT ENVIRONMENT-CONSTRUCTION MARKET
690 _aPROPERTY-COMMERCIAL PROPERTY-COMMERCIAL PROPERTY MARKET
856 4 0 _uhttps://www.rics.org/site/scripts/download_info.aspx?downloadID=1157
_zView this item free of charge at www.rics.org...
942 _n0
999 _c109290
_d109290